000 00282nam a22001217a 4500
008 171002b xxu||||| |||| 00| 0 eng d
041 _aeng
080 _a159.9
100 _a48
101 _aPSI
245 _aFRENCH'S INDEX OF DIFFERENTIAL DIAGNOSIS
_cHART, F.D
942 _2udc
_cBK
999 _c31253
_d31253